| 000 | 01065nam a22002777a 4500 | ||
|---|---|---|---|
| 005 | 20170710122402.0 | ||
| 010 | _a1516ENO7 ENG-114828 | ||
| 020 |
_a9789332546189 _c950.00 |
||
| 035 | _aEN-98360 | ||
| 035 | _aB-614152-175 | ||
| 035 | _aB-667973 | ||
| 037 |
_aDPL _bTechniz |
||
| 037 | _bDBAD/PUB | ||
| 082 | _a005.133 | ||
| 100 | _aPrata, Stephen | ||
| 245 |
_aC++ primer plus / _cby Stephen Prata |
||
| 250 | _a6th ed | ||
| 260 |
_aNoida _bPearson Education _c2015 |
||
| 270 |
_aA-8(A),7th Floor, Knowledge Boulevard, Sector,62 _bNoida _e201309 |
||
| 300 |
_axix,1237p.: _bill. _c25cm(pbk) |
||
| 500 | _aIncludes index | ||
| 650 | _a C++ (Computer program language) | ||
| 942 |
_2ddc _cEN _mPRA _h005.133 |
||
| 999 |
_c95824 _d95824 |
||